000 00769nam a22002777a 4500
001 BR0901851
003 BR-BrBNA
005 20230928102901.0
007 ta
008 230509b bl.||||| |||| 00| 0 por d
040 _aBR-BrBNA
_bpor
_cBiblioteca Nacional de Agricultura
041 _a(Por)
072 _aL02
090 _ L02 BR0901851
100 1 _aMelado, J.
245 1 _aPastoreiro racional voisin; fundamentos, aplicações, projetos
260 3 _aViçosa, MG (Brasil):
_bAprenda Fácil Editora,
_c2003.
300 _a300 p.
650 _aPASTEJO ROTATIVO
650 _aPROJETO AGRÍCOLA
650 _aMÉTODO VOISIN
650 _aNUTRIÇÃO ANIMAL
650 _aAGRICULTURA SUSTENTÁVEL
909 _a202309
_bLucia
_c55
_dLucia Elande
942 _cBK
999 _c72836
_d72836